Principes républicains de droit constitutionnel: ouvrage conforme au programme des licences en droit et ès sciences économiques et des instituts d'études politiques

Saved in:
Bibliographic Details
Main Author: Fabre, Michel-Henry (Author)
Format: Book
Language:French
Published: París Librairie Générale de Droit et de Jurisprudence 1970
Edition:2a. ed
Subjects:
Tags: Add Tag
No Tags, Be the first to tag this record!

MARC

LEADER 00000nam a2200000 a 4500
001 UCT9603
003 CL-VaPUC
008 970411e19700000FR |||||||||||||||||fre|d
082 0 4 |a 342.085  |b FAB  |2 21 
100 0 |a Fabre, Michel-Henry  |e author  |9 382453 
245 1 0 |a Principes républicains de droit constitutionnel: ouvrage conforme au programme des licences en droit et ès sciences économiques et des instituts d'études politiques 
250 |a 2a. ed 
300 |a 445 p 
942 |c BK 
945 |d 19970411 00:00:00  |a paguirre 
260 |a París  |b Librairie Générale de Droit et de Jurisprudence  |c 1970 
650 0 |a Derecho constitucional   |9 222588 
650 0 |a Derecho público   |9 255910 
650 0 |a Libertad individual  |9 352859 
650 0 |a Igualdad ante la ley  |9 382454 
651 0 |a Francia  |9 255157 
583 |a last modification  |c 19970411 00:00:00  |k Rodrigo Vera 
999 |c 257985  |d 257983 
952 |0 0  |1 0  |4 0  |6 342_085000000000000_FAB_1970  |7 0  |8 A  |9 281719  |a BIBDER  |b BIBDER  |d 2019-11-19  |i 182659K  |o 342.085 FAB 1970  |p 182659K  |r 2023-01-25  |w 2019-11-19  |y BK  |k DER